000 00256nam a22001217a 4500
008 181220b xxu||||| |||| 00| 0 eng d
041 _aeng
080 _a540
100 _a12
101 _aKIM
245 _aModern Chemistry
_cDull,Ch.E
942 _2udc
_cBK
999 _c53552
_d53552